<?xml version="1.0" encoding="UTF-8"?>
<record
    xmlns:xsi="http://www.w3.org/2001/XMLSchema-instance"
    xsi:schemaLocation="http://www.loc.gov/MARC21/slim http://www.loc.gov/standards/marcxml/schema/MARC21slim.xsd"
    xmlns="http://www.loc.gov/MARC21/slim">

  <leader>01154na  a2200289   4500</leader>
  <controlfield tag="001">18841</controlfield>
  <controlfield tag="003">MIRAKIL</controlfield>
  <controlfield tag="005">20181213155201.0</controlfield>
  <controlfield tag="008">161201b        tu            000 0      </controlfield>
  <datafield tag="020" ind1=" " ind2=" ">
    <subfield code="a">9756728159</subfield>
  </datafield>
  <datafield tag="035" ind1=" " ind2=" ">
    <subfield code="a">18841</subfield>
  </datafield>
  <datafield tag="040" ind1=" " ind2=" ">
    <subfield code="a">Milas</subfield>
    <subfield code="b">tur</subfield>
    <subfield code="c">TR-AnCHP</subfield>
  </datafield>
  <datafield tag="041" ind1=" " ind2=" ">
    <subfield code="a">tur</subfield>
  </datafield>
  <datafield tag="082" ind1=" " ind2=" ">
    <subfield code="a">361.6109561 </subfield>
    <subfield code="b">S67 2006 </subfield>
  </datafield>
  <datafield tag="090" ind1=" " ind2=" ">
    <subfield code="a">361.6109561 S67 2006 </subfield>
  </datafield>
  <datafield tag="245" ind1=" " ind2=" ">
    <subfield code="a">"Sosyal politika ve istihdam" ba&#x15F;l&#x131;kl&#x131; AB m&#xFC;ktesebat&#x131; ve T&#xFC;rkiye</subfield>
    <subfield code="b">T&#x130;SK AB mevzuat&#x131;n&#x131; inceleme komisyonu raporu.</subfield>
  </datafield>
  <datafield tag="246" ind1=" " ind2=" ">
    <subfield code="a">T&#x130;SK AB mevzuat&#x131;n&#x131; inceleme komisyonu raporu</subfield>
  </datafield>
  <datafield tag="260" ind1=" " ind2=" ">
    <subfield code="a">Ankara</subfield>
    <subfield code="b">T&#xFC;rkiye &#x130;&#x15F;veren Sendikalar&#x131; Konfederasyonu (T&#x130;SK)</subfield>
    <subfield code="c">2006</subfield>
  </datafield>
  <datafield tag="300" ind1=" " ind2=" ">
    <subfield code="a">160 s.</subfield>
    <subfield code="b">tbl.;</subfield>
    <subfield code="c">29 sm.</subfield>
  </datafield>
  <datafield tag="490" ind1=" " ind2=" ">
    <subfield code="a">T&#xFC;rkiye &#x130;&#x15F;veren Sendikalar&#x131; Konfederasyonu</subfield>
    <subfield code="v">yay&#x131;n no: 268</subfield>
  </datafield>
  <datafield tag="500" ind1=" " ind2=" ">
    <subfield code="a">Bu rapor, 17 Mart 2006 tarihinde yap&#x131;lan bas&#x131;n toplant&#x131;s&#x131; kamuoyuna a&#xE7;&#x131;klanm&#x131;&#x15F;t&#x131;r</subfield>
  </datafield>
  <datafield tag="610" ind1=" " ind2=" ">
    <subfield code="a">T&#xFC;rkiye &#x130;&#x15F;veren Sendikalar&#x131; Konfederasyonu</subfield>
    <subfield code="x">Raporlar</subfield>
  </datafield>
  <datafield tag="650" ind1=" " ind2=" ">
    <subfield code="a">Sosyal politika</subfield>
    <subfield code="x">Avrupa Birli&#x11F;i'ne kat&#x131;l&#x131;m s&#xFC;reci</subfield>
    <subfield code="z">T&#xFC;rkiye</subfield>
  </datafield>
  <datafield tag="651" ind1=" " ind2=" ">
    <subfield code="a">Avrupa Birli&#x11F;i</subfield>
    <subfield code="x">&#x130;stihdam politikalar&#x131;</subfield>
  </datafield>
  <datafield tag="651" ind1=" " ind2=" ">
    <subfield code="a">Avrupa Birli&#x11F;i</subfield>
    <subfield code="x">Sosyal politikalar</subfield>
  </datafield>
  <datafield tag="942" ind1=" " ind2=" ">
    <subfield code="2">dcc</subfield>
    <subfield code="c">BKS</subfield>
  </datafield>
  <datafield tag="952" ind1=" " ind2=" ">
    <subfield code="a">0001</subfield>
    <subfield code="b">0001</subfield>
    <subfield code="d">2016-12-01</subfield>
    <subfield code="e">2</subfield>
    <subfield code="l">0</subfield>
    <subfield code="o">361.6109561 S67 2006 </subfield>
    <subfield code="p">010081</subfield>
    <subfield code="r">2016-12-01 00:00:00</subfield>
    <subfield code="v">0.00</subfield>
    <subfield code="w">2016-12-01</subfield>
    <subfield code="y">BKS</subfield>
  </datafield>
  <datafield tag="999" ind1=" " ind2=" ">
    <subfield code="c">8129</subfield>
    <subfield code="d">8129</subfield>
  </datafield>
</record>
